Представление документа в формате RUSMARC

ПолеНазваниеЗначение
  Тип записи a
  Библиографический уровень a
001 Контрольный номер RU/CBS_UL/BASE/d06e424a682f4416b60de75559c8f8c3
005 Дата корректировки 20251009143809.2
100 Данные общей обработки __
a Данные общей обработки 20251009 ||| 0rusy0189 ca
101 Язык документа 0_
a Язык текста rus
102 Страна публикации __
a Страна публикации RU
200 Заглавие и сведения об ответственности 1_
a Заглавие Путь к свету
e Сведения, относящиеся к заглавию [Матрона Московская (урождённая Матрона Дмитриевна Никонова) - святая Русской православной церкви]
f Первые сведения об ответственности О. Схиртладзе
300 Общие примечания __
a Общие примечания 6+
461 Уровень набора _0
1 2000
a Саша и Даша
463 Уровень физической единицы _0
1 2000
a № 7
v С. 18-19
1 2101
d 2025
1 001RU/CBS_UL/BASE/fe566220822e422eb7c7ec0fbbf35e02
600 Персоналии _1
a Персоналии (Фамилия) Матрона Московская
606 Тематические рубрики 0_
a Основная рубрика Матрона Московская (Никонова Матрона Дмитриевна; святая; 1881-1952)
610 Ключевые слова 0_
a Ключевые слова православные святые
610 Ключевые слова 0_
a Ключевые слова святые
610 Ключевые слова 0_
a Ключевые слова вера
610 Ключевые слова 0_
a Ключевые слова блаженные
610 Ключевые слова 0_
a Ключевые слова житие святых
610 Ключевые слова 0_
a Ключевые слова старицы блаженные
610 Ключевые слова 0_
a Ключевые слова православие
686 Индексы других классификаций __
a Классификационный индекс 86.372
700 Автор _1
a Фамилия Схиртладзе
b Имя (инициалы) О.
801 Источник записи _0
a Страна RU
b Организация МБУК ЦБС г. Ульяновска
c Дата составления 20251009
g Правила каталогизации RCR
801 Источник записи _1
a Страна RU
b Организация МБУК ЦБС г. Ульяновска
c Дата составления 20251009
g Правила каталогизации RCR
901 Тип документа __
t Тип документа b
w Контрольный № источника RU/CBS_UL/BASE/fe566220822e422eb7c7ec0fbbf35e02
909 Создатель записи __
a Создатель записи mbo